[Event "TCh-SVK Extraliga 2012-13"]
[Site "Slovakia SVK"]
[Date "2013.01.20"]
[Round "6.1"]
[White "Jurcik,Mart"]
[Black "Klemanic,E"]
[Result "1/2-1/2"]
[WhiteElo "2362"]
[BlackElo "2209"]

1.e4 g6 2.d4 Bg7 3.Nc3 d6 4.Be3 Nf6 5.Qd2 c6 6.h3 b5 7.Bd3 Nbd7 8.f4 b4 9.Nce2 a5
10.c4 e5 11.fxe5 dxe5 12.d5 Nxe4 13.Bxe4 Qh4+ 14.Ng3 Qxg3+ 15.Bf2 Qf4 16.Qxf4 exf4
17.dxc6 Ne5 18.c7 Ra6 19.O-O-O O-O 20.Bc5 Re8 21.Rd8 Re6 22.Bd5 Bf6 23.Bxe6 Bxd8
24.cxd8=Q Rxd8 25.Bxc8 Rxc8 26.Ba7 Nxc4 27.Nf3 Ne3+ 28.Kb1 Nxg2 29.Rd1 h6
30.Rd5 a4 31.Bd4 Re8 32.Rb5 Ne1 33.Nxe1 Rxe1+ 34.Kc2 g5 35.h4 gxh4 36.Rh5 f3
37.Rxh6 Kf8 38.Rf6 Re2+ 39.Kd3 a3 40.bxa3 bxa3 41.Rxf3 Rxa2 42.Rh3 Rg2 43.Rxh4 Ke7
44.Bc5+ Ke6 45.Ra4 a2 46.Be3 Rb2 47.Bd2 f5 48.Ra6+ Kd5 49.Ra5+ Ke6 50.Kc3 Rb5
51.Rxa2 Re5 52.Ra6+ Kd5 53.Kd3 Re4 54.Ra5+ Ke6 55.Bc3 Rf4 56.Ke3 Rf1 57.Ke2 Rf4
58.Bd2 Rd4 59.Be3 Rd5 60.Ra6+ Ke5 61.Kf3 Rb5 62.Bf4+ Kd4 63.Rd6+ Rd5 64.Rf6 Rb5
65.Bg3 Rd5 66.Kf4 Kd3 67.Bf2 Kc4 68.Re6 Rb5 69.Bh4 Kd5 70.Kxf5 Rb4 71.Bg3 Rb3
72.Rd6+ Kc5 73.Bf4 Rf3 74.Rd8 Rf1 75.Ke4 Kc6 76.Rc8+ Kd7 77.Rc7+ Ke6 78.Rc6+ Kd7
79.Rd6+ Ke7 80.Ra6 Re1+ 81.Kf5 Kd7 82.Be5 Re2 83.Rd6+ Ke7 84.Rc6 Rf2+ 85.Bf4 Kd7
86.Rc7+ Kd8 87.Ra7 Rf1 88.Ke4 Re1+ 89.Kd5 Rd1+ 90.Ke6 Kc8 91.Rc7+ Kd8 92.Rb7 Ke8
93.Be5 Rd2 94.Rh7 Rf2 95.Rb7 Rd2 96.Bf4 Rd1 97.Rh7 Re1+ 98.Be5 Rf1 99.Re7+ Kf8
100.Rc7 Kg8 101.Bf6 Re1+ 102.Kf5 Rf1+ 103.Kg6 Rg1+ 104.Bg5 Rf1 105.Bf6 Rg1+
106.Kf5 Rf1+ 107.Ke6 Re1+ 108.Be5 Rf1 109.Rc2 Rb1 110.Rh2 Rb6+ 111.Ke7 Rb7+
112.Ke8 Re7+ 113.Kxe7  1/2-1/2

[Event "5th Chennai Open 2013"]
[Site "Chennai IND"]
[Date "2013.01.21"]
[Round "9"]
[White "Ramnath,B"]
[Black "Rahman,Zia"]
[Result "1/2-1/2"]
[WhiteElo "2339"]
[BlackElo "2526"]

1.e4 g6 2.d4 Bg7 3.Nc3 d6 4.f4 Nf6 5.Nf3 O-O 6.Bd3 Na6 7.O-O c5 8.d5 Bg4
9.Bc4 Nc7 10.h3 Bxf3 11.Qxf3 Rb8 12.Qd3 b5 13.Nxb5 Nxb5 14.Bxb5 Nxe4 15.c3 Nf6
16.a4 Qa5 17.Rb1 a6 18.Bc6 Qb6 19.Be3 e6 20.b4 exd5 21.Bxd5 Nxd5 22.Qxd5 Rfe8
23.Qd2 Qc6 24.f5 cxb4 25.fxg6 hxg6 26.cxb4 Qc3 27.Bf4  1/2-1/2

[Event "Dvorkovich Mem 2013"]
[Site "Taganrog RUS"]
[Date "2013.01.22"]
[Round "8.30"]
[White "Frolov,Andrey"]
[Black "Osipov,Ad"]
[Result "1/2-1/2"]
[WhiteElo "2198"]
[BlackElo "2080"]

1.e4 g6 2.d4 Bg7 3.Nc3 d6 4.f4 a6 5.a4 Nf6 6.Nf3 c5 7.dxc5 Qa5 8.Bd3 Qxc5
9.Qe2 Nc6 10.Be3 Qa5 11.O-O Bg4 12.h3 Bxf3 13.Qxf3 O-O 14.Ne2 Nd7 15.c3 e6
16.Bc2 Qc7 17.Rad1 b5 18.Kh1 Rab8 19.Bc1 Nc5 20.axb5 axb5 21.Qf2 Ne7 22.f5 exf5
23.exf5 Nxf5 24.Bxf5 gxf5 25.Qxf5 Rbe8 26.Ng3 Re6 27.Qd5 Be5 28.Nf5 Qb7 29.Qxb7 Nxb7
30.Be3 Na5 31.Rd5 Nc4 32.Bh6 Rb8 33.Bc1 f6 34.b3 Na5 35.c4 Nxb3 36.Rxb5 Rxb5
37.cxb5 d5 38.Ba3 Rb6 39.Ne7+ Kf7 40.Nxd5 Rxb5  1/2-1/2

[Event "TCh-CAT Div Hon 2013"]
[Site "Catalonia ESP"]
[Date "2013.01.26"]
[Round "2.4"]
[White "Rojas Keim,L"]
[Black "Vives Esmerat,J"]
[Result "1-0"]
[WhiteElo "2391"]
[BlackElo "2313"]

1.d4 g6 2.e4 Bg7 3.Nc3 d6 4.Be3 Nf6 5.Qd2 Nc6 6.d5 Ne5 7.Bh6 O-O 8.Bxg7 Kxg7
9.f4 Ned7 10.Nf3 Nb6 11.O-O-O Bg4 12.e5 Nfd7 13.Qd4 Bxf3 14.gxf3 f6 15.e6 Nb8
16.f5 c6 17.fxg6 hxg6 18.Bd3 Rh8 19.Rdg1 cxd5 20.Rxg6+ Kf8 21.Rhg1  1-0

[Event "6th Gora Sw Anny OpA"]
[Site "Gora Swietej Anny POL"]
[Date "2013.01.26"]
[Round "2.7"]
[White "Klymchuk,Andriy"]
[Black "Mista,A"]
[Result "0-1"]
[WhiteElo "2127"]
[BlackElo "2558"]

1.e4 g6 2.d4 Bg7 3.Nc3 d6 4.h4 Nf6 5.Nge2 c6 6.f3 h5 7.Bg5 Qc7 8.Qd2 b5 9.O-O-O Nbd7
10.Nf4 a6 11.Be2 Bb7 12.Kb1 Nb6 13.e5 dxe5 14.dxe5 Qxe5 15.Nd3 Qc7 16.Nc5 Nfd5
17.N3e4 Rd8 18.Bd3 Bc8 19.Qc1 Nd7 20.Rhe1 Nxc5 21.Nxc5 O-O 22.g4 Qa7 23.Ne4 hxg4
24.h5 f5 25.hxg6 fxe4 26.fxe4 Nb4 27.Rh1 Nxd3 28.cxd3 Rd6 29.Bh6 Rxg6 30.Bxg7 Kxg7
31.Qc3+ Rff6 32.e5 Rf4 33.e6+ Qd4  0-1

[Event "18th HIT Open A 2013"]
[Site "Nova Gorica SLO"]
[Date "2013.01.26"]
[Round "2.7"]
[White "Skok,J"]
[Black "Tomazini,Z"]
[Result "0-1"]
[WhiteElo "2047"]
[BlackElo "2356"]

1.e4 g6 2.d4 Bg7 3.Nc3 d6 4.Bc4 a6 5.a4 Nc6 6.Be3 e5 7.Nge2 Nf6 8.h3 O-O
9.O-O Re8 10.f3 Nh5 11.Qd2 Rf8 12.Rad1 exd4 13.Nxd4 Nxd4 14.Bxd4 Bxd4+ 15.Qxd4 Qg5
16.Qd5 Qe3+ 17.Kh2 Be6 18.Qd4 Qxd4 19.Rxd4 c5 20.Rxd6 Bxc4 21.Rfd1 Be6 22.a5 Rac8
23.Na4 Nf6 24.b3 Rc7 25.Nb6 Re8 26.c4 Kg7 27.g4 Ree7 28.Kg3 Nd7 29.f4 Nxb6
30.axb6 Rcd7 31.f5 Rxd6 32.Rxd6 Rd7 33.Rxd7 Bxd7 34.Kf4 gxf5 35.gxf5 f6 36.e5 Kf7
37.h4 a5 38.h5 h6 39.Ke4 Bc6+ 40.Kf4 Ke7 41.e6 Kd6  0-1

[Event "18th HIT Open A 2013"]
[Site "Nova Gorica SLO"]
[Date "2013.01.28"]
[Round "6.17"]
[White "Skok,J"]
[Black "Hrescak,Ivana"]
[Result "1-0"]
[WhiteElo "2047"]
[BlackElo "1742"]

1.e4 g6 2.d4 d6 3.Nc3 Bg7 4.Bc4 Nf6 5.Qe2 O-O 6.Nf3 Nbd7 7.e5 Ne8 8.e6 fxe6
9.Bxe6+ Kh8 10.Ng5 Bxd4 11.Nf7+ Rxf7 12.Bxf7 c6 13.Ne4 Ndf6 14.c3 Bb6 15.Bxe8 Nxe4
16.Qxe4 Qxe8 17.Be3 Bf5 18.Qf4 e5 19.Qh6 Qd8 20.O-O Bd3 21.Rfd1 e4 22.a4 d5
23.a5 Bc7 24.Bd4+  1-0

[Event "11th Gibraltar Masters"]
[Site "Caleta ENG"]
[Date "2013.01.29"]
[Round "8.98"]
[White "Lochte,S"]
[Black "Van Kemenade,R"]
[Result "0-1"]
[WhiteElo "1923"]
[BlackElo "2043"]

1.d4 g6 2.e4 Bg7 3.Nc3 d6 4.Be2 a6 5.Be3 b5 6.a3 Bb7 7.g4 Nd7 8.Nf3 Ngf6
9.Nd2 h5 10.g5 Nh7 11.Nf3 c5 12.d5 Qc7 13.Rb1 O-O 14.Nh4 Rac8 15.O-O b4 16.Na2 a5
17.f4 Rfd8 18.Bxh5 gxh5 19.Nf5 Ndf8 20.Nxg7 Kxg7 21.f5 e6 22.Qxh5 exf5 23.exf5 Bxd5
24.f6+ Kh8 25.Qh6 Ne6 26.Rf4 Rg8 27.Rh4 Nxg5 28.Bxg5 Rxg5+ 29.Kf2 Be4 30.Rxe4 Rg6
31.Qh3 Rxf6+ 32.Ke2 Rg8 33.Re1 Qc8 34.Qd3 Qf5 35.Kd1 d5 36.Re7 Qxd3+ 37.cxd3 Rg2
38.R1e2 Rff2 39.axb4 axb4 40.h4 Nf8 41.d4 b3 42.Nc3 cxd4 43.Nxd5 Ne6 44.Rxf2 Rxf2
45.Kc1 Rc2+ 46.Kb1 d3 47.Nb4 d2 48.Nxc2 d1=Q+  0-1

[Event "18th HIT Open A 2013"]
[Site "Nova Gorica SLO"]
[Date "2013.01.30"]
[Round "9.21"]
[White "Skok,J"]
[Black "Stanic,V"]
[Result "1/2-1/2"]
[WhiteElo "2047"]
[BlackElo "1797"]

1.e4 g6 2.d4 Bg7 3.Nc3 d6 4.Bc4 a6 5.a4 Nc6 6.Nf3 Nf6 7.Qe2 e5 8.dxe5 Nxe5
9.Nxe5 dxe5 10.Bg5 c6 11.O-O O-O 12.h3 Qc7 13.Rfd1 a5 14.Qf3 Nh5 15.Rd2 Nf4
16.Rad1 Ne6 17.Be3 Qe7 18.Bb3 Ng5 19.Qg3 Ne6 20.Qf3 Ng5 21.Qg3 Ne6 22.Qf3 Ng5  1/2-1/2

[Event "ch-TUR 2013"]
[Site "Antalya TUR"]
[Date "2013.02.02"]
[Round "1.41"]
[White "Soysal,Serkan"]
[Black "Gulsoy,Mustafa Alpago"]
[Result "1-0"]
[WhiteElo "2025"]
[BlackElo "1664"]

1.e4 g6 2.d4 Bg7 3.Nc3 d6 4.Be3 Nf6 5.h3 O-O 6.f4 Nc6 7.e5 dxe5 8.dxe5 Nd7
9.Bc4 Nb6 10.Bb3 Na5 11.Qe2 Nxb3 12.axb3 c6 13.Nf3 Qc7 14.Qf2 Bd7 15.Rxa7 Nd5
16.Nxd5 cxd5 17.O-O Rxa7 18.Bxa7 Bh6 19.Bb6 Qc8 20.Nd4 Bg7 21.Qe2 e6 22.b4 Re8
23.Bc5 Bf8 24.Bxf8 Kxf8 25.Ra1 Bc6 26.Qe1 Bd7 27.Qh4 Kg7 28.Qf6+ Kg8 29.c3 Qd8
30.Qxd8 Rxd8 31.Ra7 Rb8 32.Kf2 Kf8 33.Ke3 Ke8 34.b3 Kd8 35.c4 dxc4 36.bxc4 Kc8
37.g3 b6 38.b5 Rb7 39.Ra8+ Rb8 40.Ra7 Rb7 41.Ra8+ Rb8 42.Rxb8+ Kxb8 43.Ne2 Kc7
44.Nc3 Be8 45.Kd4 h6 46.Ne4 Bd7 47.Nc3 Bc8 48.c5 bxc5+ 49.Kxc5 Bb7 50.b6+ Kd7
51.Nb5 Ke7 52.Nd6 Ba6 53.b7 Bxb7 54.Nxb7 f6 55.Nd6 g5 56.Ne4 fxe5 57.fxe5  1-0

[Event "TCh-AUT 2 East 2012-13"]
[Site "Austria AUT"]
[Date "2013.02.02"]
[Round "6.4"]
[White "Wilke,W"]
[Black "Wiedner,R"]
[Result "1-0"]
[WhiteElo "2249"]
[BlackElo "2133"]

1.e4 g6 2.d4 Bg7 3.Nc3 d6 4.Bg5 c6 5.f4 Nd7 6.Nf3 Nf8 7.Qd2 Qb6 8.Bc4 Be6
9.Be2 Bg4 10.Na4 Qc7 11.Bh4 Nf6 12.Nc3 Ne6 13.O-O Nh5 14.Ng5 Bxe2 15.Nxe6 fxe6
16.Nxe2 Nf6 17.Qd3 Nd7 18.Qh3 Nf8 19.c3 O-O-O 20.b4 Kb8 21.Rab1 Qd7 22.Qd3 Rc8
23.Rfd1 d5 24.e5 Qe8 25.b5 c5 26.dxc5 Rxc5 27.Bf2 Rc4 28.Qe3 Ra4 29.c4 Qd8
30.cxd5 exd5 31.Nc3 Ra3 32.Qc5 Qa5 33.Nxd5  1-0

[Event "TCh-CAT Div Hon 2013"]
[Site "Catalonia ESP"]
[Date "2013.02.02"]
[Round "3.2"]
[White "Cuadras Avellana,Jo"]
[Black "Norwood,D"]
[Result "0-1"]
[WhiteElo "2325"]
[BlackElo "2495"]

1.e4 g6 2.d4 Bg7 3.Nc3 d6 4.Nf3 a6 5.a4 Nf6 6.Be2 O-O 7.O-O b6 8.h3 e6 9.e5 dxe5
10.Nxe5 Bb7 11.Bf3 Qc8 12.Be3 Nbd7 13.Nc6 Re8 14.Bf4 Nb8 15.Nxb8 Qxb8 16.Be5 Rd8
17.Qe2 Qa7 18.Ra3 Rac8 19.Qe3 Qa8 20.Bxb7 Qxb7 21.Rb3 Qc6 22.Qe2 Nh5 23.g4 Bxe5
24.Qxe5 Ng7 25.Rd1 Ne8 26.d5 Qc5 27.Qe3 Qxe3 28.fxe3 exd5 29.Nxd5 Kg7 30.Rbd3 Nf6
31.Nxf6 Rxd3 32.cxd3 Kxf6 33.Rc1 c5 34.Rc3 Ke6 35.Rb3 Rc6 36.Kf2 Kd5 37.Ke2 g5
38.Rc3 Rh6 39.d4 cxd4 40.Rd3 Ke5 41.exd4+ Kd5 42.b3 b5 43.axb5 axb5 44.Kd2 b4
45.Kc2 Rf6 46.Kd2 Rf2+ 47.Ke1 Rf4 48.Ke2 Re4+ 49.Kf2 Rxd4 50.Re3 Rd2+ 51.Ke1 Rb2
52.Rf3 h6 53.Rf6 Rxb3 54.Rxh6 Ke5 55.h4 Kf4 56.Rf6+ Ke3 57.Kd1 gxh4 58.Rxf7 h3
59.Kc2 Rc3+ 60.Kb2 Ke4 61.g5 Rg3 62.Rh7 Kf3  0-1

[Event "Moscow Open B 2013"]
[Site "Moscow RUS"]
[Date "2013.02.02"]
[Round "1.9"]
[White "Khvorostova,Anna"]
[Black "Charochkina,D"]
[Result "1-0"]
[WhiteElo "1967"]
[BlackElo "2332"]

1.e4 g6 2.d4 Bg7 3.Nc3 d6 4.g3 Nf6 5.Bg2 O-O 6.Nf3 Nbd7 7.O-O e5 8.h3 exd4
9.Nxd4 Nc5 10.Re1 Re8 11.Bf4 Nh5 12.Be3 Bd7 13.Qd2 b5 14.Bg5 Qb8 15.g4 Nf6
16.e5 dxe5 17.Nc6 Qc8 18.Nxe5 b4 19.Nd5 Nfe4 20.Bxe4 Rxe5 21.Bg2 Kh8 22.Rxe5 Bxe5
23.Ne7 Qe8 24.Re1 f6 25.Rxe5 fxg5 26.Qd4  1-0

[Event "Moscow Open A 2013"]
[Site "Moscow RUS"]
[Date "2013.02.02"]
[Round "1.4"]
[White "Khairullin,I"]
[Black "Dzhangobegov,V"]
[Result "1-0"]
[WhiteElo "2650"]
[BlackElo "2381"]

1.e4 g6 2.d4 Bg7 3.Nc3 d6 4.f4 a6 5.Nf3 b5 6.Bd3 Nd7 7.a4 b4 8.Ne2 c5 9.c3 Bb7
10.cxb4 cxb4 11.O-O Ngf6 12.e5 Nd5 13.Ng5 dxe5 14.fxe5 O-O 15.a5 h6 16.Ne4 Qc7
17.Bd2 f5 18.exf6 exf6 19.Rc1 Qb8 20.Nc5 Nxc5 21.dxc5 Ne7 22.Bf4 Qd8 23.Bd6 f5
24.Nf4 Rf6 25.Qb3+ Kh7 26.Ne6 Qd7 27.Nxg7 Kxg7 28.Qxb4 Qc6 29.Rc2 Re6 30.Qd4+ Kh7
31.Bc4 Nd5 32.Rd2  1-0

[Event "Asian Zonal 3.2 2013"]
[Site "Thulhiriya City PHI"]
[Date "2013.02.03"]
[Round "2.1"]
[White "Weerawardane,R"]
[Black "Rahman,Zia"]
[Result "0-1"]
[WhiteElo "2106"]
[BlackElo "2505"]

1.d4 d6 2.e4 g6 3.Nc3 Bg7 4.f4 Nf6 5.Nf3 O-O 6.Bd3 Na6 7.O-O c5 8.d5 Bg4
9.Qe1 Bxf3 10.Rxf3 Nb4 11.a3 Nxd3 12.cxd3 e6 13.dxe6 fxe6 14.Kh1 Qd7 15.Qh4 d5
16.e5 d4 17.Ne2 Nd5 18.a4 Ne7 19.Rh3 Nf5 20.Qe1 Qd5 21.Kg1 Rf7 22.g4 Ne7
23.Ng3 Qf3 24.Qe2 Qxe2 25.Nxe2 g5 26.fxg5 Ng6 27.b3 Raf8 28.Ba3 Rf2 29.Ng3 Rc2
30.Nh5 Nxe5 31.Rc1 Rff2 32.Nf4 Rxc1+ 33.Bxc1 Rc2 34.Ba3 b6 35.Rg3 Rc3 36.h4 Rxb3
37.Bc1 Rb1 38.Ne2  0-1

[Event "ch-TUR 2013"]
[Site "Antalya TUR"]
[Date "2013.02.04"]
[Round "4.42"]
[White "Onem,C"]
[Black "Abdimanoglu,B"]
[Result "1-0"]
[WhiteElo "1949"]
[BlackElo "1768"]

1.e4 d6 2.d4 g6 3.Nc3 Bg7 4.Be3 Nc6 5.Qd2 e5 6.d5 Nb8 7.O-O-O Nd7 8.Nge2 f5
9.exf5 gxf5 10.f4 e4 11.Nd4 Nc5 12.Bb5+ Kf8 13.g4 a6 14.Be2 b5 15.b4 Na4
16.Nxa4 bxa4 17.gxf5 Qf6 18.c3 Ne7 19.Ne6+ Bxe6 20.fxe6 Nxd5 21.Bd4 e3 22.Qd3 Nxf4
23.Qxe3 Nxe2+ 24.Qxe2 Qh6+ 25.Kb2 Bxd4 26.e7+ Ke8 27.Rxd4 Kd7 28.Re4 Qg7
29.Re1 a3+ 30.Kb3 Rhe8 31.Qc4 Qg8 32.Re6 Qg5 33.h4 Qf5 34.Kxa3 a5 35.b5 Qc5+
36.Qxc5 dxc5 37.Rc6 Rab8 38.Rxc5 Kd6 39.Rc6+ Kd7 40.c4 Rb6 41.Rc5 Rh6 42.h5 Rd6
43.Ka4 Rd2 44.a3 Rd3 45.Rc6 Rd6 46.Rxd6+ Kxd6 47.Kxa5 Kc5 48.Ka6 Kxc4 49.Kb7  1-0

[Event "ch-TUR 2013"]
[Site "Antalya TUR"]
[Date "2013.02.04"]
[Round "4.95"]
[White "Nailer,Ali"]
[Black "Kerem,Halil Ozgun"]
[Result "1-0"]
[WhiteElo "1878"]
[BlackElo "1566"]

1.e4 d6 2.d4 g6 3.Nc3 Bg7 4.Be3 Nc6 5.Qd2 e5 6.Nge2 exd4 7.Nxd4 Nxd4 8.Bxd4 Bxd4
9.Qxd4 Qf6 10.Qd2 Ne7 11.O-O-O Bd7 12.Bb5 Bc6 13.Bxc6+ bxc6 14.h4 h5 15.f4 O-O-O
16.Qe2 Kb8 17.e5 Qe6 18.Rhe1 Nf5 19.Qf2 d5 20.Kb1 Qe7 21.g3 Ka8 22.Rd3 Rb8
23.Nd1 Rhe8 24.Ne3 Qb4 25.Rb3 Qd4 26.Rd1 Qc5 27.Nxd5 Qa5 28.Qc5  1-0

[Event "ch-TUR 2013"]
[Site "Antalya TUR"]
[Date "2013.02.05"]
[Round "5.79"]
[White "Agdelen,Huseyin Can"]
[Black "Kansal,Evrim"]
[Result "1-0"]
[WhiteElo "1657"]
[BlackElo "1865"]

1.e4 d6 2.d4 g6 3.Nc3 Bg7 4.Be3 Nf6 5.h3 c6 6.f4 Qb6 7.a3 e5 8.fxe5 dxe5
9.Bf2 exd4 10.Bxd4 Qa5 11.Qf3 Nbd7 12.Bc4 O-O 13.b4 Qc7 14.Nge2 Ne5 15.Qg3 Nh5
16.Qh2 Be6 17.Bxe6 fxe6 18.O-O-O Rac8 19.Kb1 Nc4 20.Qxc7 Rxc7 21.Ka2 e5 22.Bc5 Re8
23.Kb3 b5 24.Rhf1 Bf8 25.Bxf8 Rxf8 26.Rxf8+ Kxf8 27.g4 Nf4 28.Ng1 Ke7 29.h4 Rd7
30.Rxd7+ Kxd7 31.Nf3 h6 32.Na4 Ne6 33.Nb2 Nxb2 34.Kxb2 Kd6 35.Kc3 Nd8 36.h5 g5
37.Nd2 Ne6 38.Nf1 Nd4 39.Ne3 Nf3 40.Nf5+ Ke6 41.Nxh6 Nh2 42.Kd3 Kf6 43.Ke2 Kg7
44.Nf5+ Kf6 45.Ne3  1-0

[Event "35th Georgi Tringov Open"]
[Site "Plovdiv BUL"]
[Date "2013.02.05"]
[Round "3.24"]
[White "Stankov,A"]
[Black "Milenkovic,Ml"]
[Result "1/2-1/2"]
[WhiteElo "1898"]
[BlackElo "2393"]

1.e4 g6 2.d4 Bg7 3.Nc3 d6 4.f4 Nf6 5.Nf3 O-O 6.Bd3 Nc6 7.h3 Nb4 8.O-O Nxd3
9.Qxd3 c6 10.Be3 b5 11.a3 a5 12.b4 Be6 13.Nd2 d5 14.e5 Nd7 15.g4 f5 16.g5 h6
17.h4 hxg5 18.hxg5 Kf7 19.Kg2 Rh8 20.Rh1 Rxh1 21.Rxh1 Qc7 22.Nb3 axb4 23.axb4  1/2-1/2

[Event "35th Georgi Tringov Open"]
[Site "Plovdiv BUL"]
[Date "2013.02.05"]
[Round "4.9"]
[White "Danov,Lyubomir"]
[Black "Petrov,Marij"]
[Result "0-1"]
[WhiteElo "2158"]
[BlackElo "2518"]

1.e4 g6 2.d4 Bg7 3.Nc3 d6 4.f4 Nf6 5.Nf3 O-O 6.Bd3 Nc6 7.O-O Bg4 8.e5 dxe5
9.dxe5 Nd5 10.h3 Nxc3 11.bxc3 Bf5 12.Bxf5 gxf5 13.Nd4 Qd7 14.Be3 Na5 15.Qh5 e6
16.Rad1 Qe8 17.Nb3 Nc6 18.Nc5 f6 19.Qxe8 Rfxe8 20.exf6 Bxf6 21.Nxb7 Rab8
22.Nc5 Rb2 23.Rd7 Rxc2 24.Rc1 Rxa2 25.Rxc7 Ne7 26.Nd7 Bg7 27.Rxa7 Rxa7 28.Bxa7 Nd5
29.Bd4 Nxf4 30.Re1 Bxd4+ 31.cxd4 Rd8 32.Nc5 Kf7 33.Nb3 Rg8 34.Kh1 Rxg2 35.Rf1 Rg3
36.Rxf4 Rxh3+ 37.Kg2 Rxb3 38.d5 exd5 39.Rxf5+ Ke6 40.Rh5 Rb7 41.Kf3 Rd7 42.Kf4 d4
43.Ke4 Kf6 44.Rh1 Kg7 45.Rd1 Re7+ 46.Kf5 Rf7+ 47.Ke4 Re7+ 48.Kf5 Rf7+ 49.Ke4 h5
50.Rxd4 Kg6 51.Rd1 h4 52.Rd5 h3 53.Rd1 Kg5 54.Rg1+ Kh4 55.Rg8 h2 56.Rh8+ Kg3
57.Rg8+ Kf2 58.Rh8 Kg1 59.Rg8+ Kf1 60.Rh8 Rf2 61.Ke3 Kg1 62.Rh7 Rg2  0-1

[Event "Asian Zonal 3.2 2013"]
[Site "Thulhiriya City PHI"]
[Date "2013.02.05"]
[Round "4.2"]
[White "Kalugampitiya,R"]
[Black "Rahman,Zia"]
[Result "1/2-1/2"]
[WhiteElo "2146"]
[BlackElo "2505"]

1.e4 g6 2.d4 d6 3.Nc3 Bg7 4.f4 Nf6 5.Nf3 O-O 6.Bd3 Na6 7.O-O c5 8.d5 Bg4
9.Bc4 Nc7 10.h3 Bxf3 11.Qxf3 Rb8 12.a4 a6 13.a5 Nd7 14.Ra3 b5 15.axb6 Rxb6
16.Qd3 Qc8 17.Ra5 Rb4 18.Re1 Nb6 19.b3 Nxc4 20.bxc4 Qb8 21.e5 Rd8 22.Ne4 Qb6
23.Ra1 dxe5 24.c3 Rb3 25.Nd2 e4 26.Qxe4 Rxc3 27.Rb1 Qf6 28.Nf3 Qf5 29.Qxf5 gxf5
30.Rxe7 Ne8 31.Ne5 Bf8 32.Rxf7 Nd6 33.Ra7 Nxc4 34.Nxc4 Rxc4 35.Be3 Re4 36.Kf2 Rde8
37.Re1 c4 38.Rxa6 Bc5 39.Re6 R8xe6 40.dxe6 Rxf4+ 41.Kg3 Bxe3 42.Rxe3 Re4
43.Kf3 Rxe3+ 44.Kxe3 Kf8 45.Kd4 Ke7 46.Kxc4 Kxe6 47.Kd4 Kd6 48.Ke3 Ke5 49.Kf3 Ke6  1/2-1/2

[Event "ch-TUR 2013"]
[Site "Antalya TUR"]
[Date "2013.02.07"]
[Round "8.36"]
[White "Canbulan,A"]
[Black "Akyuz,Murat"]
[Result "1-0"]
[WhiteElo "1828"]
[BlackElo "1924"]

1.e4 g6 2.d4 d6 3.Nc3 Bg7 4.f4 Nf6 5.Nf3 O-O 6.e5 Ne8 7.h4 c5 8.h5 cxd4 9.Qxd4 Nc6
10.Qf2 Bf5 11.hxg6 fxg6 12.Bc4+ e6 13.Ng5 d5 14.Bd3 Bxd3 15.Nxe6 Qe7 16.Nxf8 Bc4
17.Nxh7 Nxe5 18.fxe5 Bxe5 19.Qf8+ Qxf8 20.Nxf8 Bg3+ 21.Kd1 Kxf8 22.Bh6+ Ke7
23.b3 Ba6 24.Nxd5+ Kd6 25.c4 b5 26.Bf4+ Bxf4 27.Nxf4 bxc4 28.Nxg6 Bb7 29.Nh4 cxb3
30.axb3 a5 31.Nf3 Bd5 32.Rh6+ Ke7 33.Kc2 Nf6 34.Re1+ Kf7 35.Ne5+ Ke7 36.Nc6+ Kf7
37.Re7+ Kg8 38.Rxf6 Rc8 39.Kb2 Bxc6 40.Rf5 Ra8 41.g4 a4 42.b4 a3+ 43.Ka2 Be8
44.Ra5 Rd8 45.Kxa3 Rd3+ 46.Kb2 Kf8 47.Rc7 Rd4 48.Rf5+ Kg8 49.Rg5+ Kf8 50.Kc3 Rd1
51.Rgc5 Rg1 52.Rc8 Rh1 53.Kd2 Rh2+ 54.Ke3  1-0

[Event "Chess Classic ELO Open 2013"]
[Site "Baden-Baden GER"]
[Date "2013.02.07"]
[Round "1.12"]
[White "Schut,L"]
[Black "Rueckleben,H"]
[Result "1-0"]
[WhiteElo "2283"]
[BlackElo "2021"]

1.e4 g6 2.d4 Bg7 3.Nc3 d6 4.Be3 a6 5.Qd2 b5 6.h4 h5 7.Nh3 Bb7 8.O-O-O b4
9.Nd5 a5 10.Ng5 Nf6 11.Bc4 e6 12.Nxf6+ Bxf6 13.f3 Ba6 14.Qe2 Qd7 15.e5 Bxc4
16.Qxc4 d5 17.Qd3 Bd8 18.g4 Na6 19.gxh5 Rxh5 20.Rdg1 Bxg5 21.Rxg5 Rxg5 22.Bxg5 c5
23.h5 Qa4 24.hxg6 c4 25.gxf7+ Kd7 26.Qg6 Nc7 27.f8=Q Rxf8 28.Qg7+ Kc6 29.Rh7 Rc8
30.Qd7+  1-0

[Event "35th Georgi Tringov Open"]
[Site "Plovdiv BUL"]
[Date "2013.02.07"]
[Round "6.14"]
[White "Bunis,V"]
[Black "Azaladze,S"]
[Result "1-0"]
[WhiteElo "2253"]
[BlackElo "2466"]

1.e4 g6 2.d4 Bg7 3.Nc3 d6 4.Be3 Nf6 5.f3 c6 6.Qd2 h5 7.O-O-O b5 8.Kb1 a6
9.e5 dxe5 10.dxe5 Qxd2 11.Rxd2 Nd5 12.Nxd5 cxd5 13.f4 e6 14.Nf3 Bd7 15.Bc5 Nc6
16.Be2 Bf8 17.Bxf8 Kxf8 18.g3 Ke7 19.Nd4 Nxd4 20.Rxd4 h4 21.g4 g5 22.Rf1 gxf4
23.Rdxf4 Be8 24.g5 a5 25.a3 Rc8 26.c3 Rc5 27.Rg1 Bd7 28.Bd3 Rcc8 29.Kc2 Rcg8
30.Kd2 Rh5 31.Rfg4 Rb8 32.Ke3 Bc6 33.Be2 Bd7 34.Rf4 Rhh8 35.Rgg4 Rbg8 36.Rf6 Rh5
37.Kf4 b4 38.axb4 axb4 39.cxb4 Rb8 40.Rh6 Rxb4+ 41.Kf3 Rb3+ 42.Kf2 Rxb2 43.Ke1 Rb1+
44.Kd2 Rb2+ 45.Ke1 Rb1+ 46.Kf2 Rb2 47.Kf1 Rb1+ 48.Kg2 Rb2 49.Rxh5 Rxe2+ 50.Kf3 Rxh2
51.g6 fxg6 52.Rh7+ Ke8 53.Rxg6 Rh3+ 54.Kf4 Rg3 55.Rf6 Rg8 56.Rff7 Bc8 57.Ra7 Kd8
58.Rxh4 Re8 59.Rhh7 Rg8 60.Ke3  1-0

[Event "ch-TUR 2013"]
[Site "Antalya TUR"]
[Date "2013.02.08"]
[Round "10.52"]
[White "Deviren,E"]
[Black "Abdimanoglu,B"]
[Result "1-0"]
[WhiteElo "1956"]
[BlackElo "1768"]

1.e4 d6 2.d4 g6 3.Nc3 Bg7 4.Be2 Nc6 5.Be3 e5 6.dxe5 Nxe5 7.Qd2 Be6 8.h4 Nf6
9.Nh3 O-O 10.Ng5 Qd7 11.h5 Rfe8 12.O-O-O a6 13.hxg6 fxg6 14.Nd5 Bxd5 15.exd5 Qa4
16.a3 Nc4 17.Qd4 Nxb2 18.Qxb2 Ne4 19.Bd4 Nxg5 20.Bxg7 Rxe2 21.Bh6 Qf4+ 22.Kb1 Re5
23.Qxb7 Rae8 24.Qxc7 R5e7 25.Rhe1 Qf7 26.Rxe7 Rxe7 27.Qd8+ Re8 28.Qxg5 Rb8+
29.Ka1 Qxf2 30.Qe7 Qf7 31.Re1  1-0

[Event "ch-TUR 2013"]
[Site "Antalya TUR"]
[Date "2013.02.08"]
[Round "10.41"]
[White "Onem,C"]
[Black "Bapoglu,I"]
[Result "1-0"]
[WhiteElo "1949"]
[BlackElo "1793"]

1.e4 g6 2.d4 d6 3.Nc3 Bg7 4.Be3 Nf6 5.f3 O-O 6.Qd2 c6 7.O-O-O b6 8.Bh6 Ba6
9.Nge2 Nbd7 10.g4 c5 11.h4 Rc8 12.h5 cxd4 13.Nxd4 Bxf1 14.Rdxf1 Ne5 15.Bxg7 Kxg7
16.hxg6 Nxg6 17.Qh6+ Kg8 18.Nf5  1-0

[Event "Moscow Open B 2013"]
[Site "Moscow RUS"]
[Date "2013.02.08"]
[Round "7.6"]
[White "Komiagina,M"]
[Black "Batsiashvili,N"]
[Result "1-0"]
[WhiteElo "2242"]
[BlackElo "2407"]

1.e4 g6 2.d4 Bg7 3.Nc3 d6 4.f4 Nc6 5.Be3 Nf6 6.Nf3 e6 7.Qd2 a6 8.Bd3 Ne7
9.h3 b5 10.O-O O-O 11.Rae1 Bb7 12.a3 Qd7 13.g4 d5 14.e5 Ne4 15.Bxe4 dxe4
16.Ng5 Qc6 17.Ngxe4 a5 18.Bf2 b4 19.Nd1 bxa3 20.bxa3 f5 21.exf6 Rxf6 22.Kh2 Rf7
23.Bg3 Rd8 24.c3 h6 25.Rf2 Ba8 26.Nb2 Qd5 27.Nd3 Nc6 28.Qa2 Re7 29.Bh4 Ree8
30.Bxd8 Qxd8 31.f5 Nxd4 32.f6 Nf5 33.gxf5 Qxd3 34.fxg6 Re7 35.fxe7 Be5+ 36.Kg1  1-0

[Event "Chess Classic ELO Open 2013"]
[Site "Baden-Baden GER"]
[Date "2013.02.09"]
[Round "3.3"]
[White "Schmid,W"]
[Black "Bacrot,E"]
[Result "0-1"]
[WhiteElo "2209"]
[BlackElo "2704"]

1.e4 g6 2.d4 d6 3.Nc3 Bg7 4.Nf3 a6 5.a4 Nf6 6.Be2 O-O 7.O-O Bg4 8.h3 Bxf3
9.Bxf3 Nc6 10.Be3 Re8 11.Qd2 e5 12.d5 Nd4 13.Qd1 c6 14.g3 Rc8 15.Bg2 cxd5
16.exd5 Qb6 17.Rb1 Qb4 18.Re1 h6 19.Qd2 Nf5 20.g4 Nxe3 21.Qxe3 Rc4 22.Qd2 Rec8
23.Rec1 Qb6 24.Nd1 Rxa4 25.b3 Rf4 26.c4 h5 27.Qe3 Qd4 28.f3 Bh6 29.Qf2 Bg5
30.Nc3 Rxg4 31.Ne2 Be3 32.Nxd4 Bxf2+ 33.Kxf2 Rxd4  0-1

[Event "TCh-FIN SM 2012-13"]
[Site "Oulu FIN"]
[Date "2013.02.09"]
[Round "10.8"]
[White "Takalo Eskola,A"]
[Black "Makinen,I"]
[Result "1/2-1/2"]
[WhiteElo "2127"]
[BlackElo "2123"]

1.d4 d6 2.e4 g6 3.Nc3 Bg7 4.f4 Nd7 5.Nf3 c5 6.d5 Nh6 7.Bd3 O-O 8.O-O e6 9.dxe6 fxe6
10.Ng5 Qe7 11.Qe2 Nf7 12.Nxf7 Rxf7 13.Bd2 a6 14.a4 Nf8 15.Bc4 Bd7 16.f5 Be5
17.fxe6 Bxe6 18.Nd5 Qh4 19.g3 Qh3 20.Bc3 Bxc3 21.bxc3 Nd7 22.Rxf7 Bxf7 23.Nf4 Qh6
24.Bxf7+ Kxf7 25.Qc4+ Kg7 26.Qe6 Nf8 27.Qxd6 Qg5 28.Qxf8+ Rxf8 29.Ne6+ Kf6
30.Nxg5 Kxg5 31.Re1 Re8 32.Kf2 Kf6 33.Ke3 Rd8 34.Rf1+ Ke6 35.Rb1 Rd7 36.g4 Ke5
37.h4 Ke6 38.a5 Ke5 39.Rf1 Ke6 40.h5 gxh5 41.gxh5 Rg7 42.Rf5 Rg3+ 43.Kd2 c4
44.Rc5 Rh3 45.Rxc4 Rxh5 46.Rc7 Rxa5 47.Rxh7 Rb5 48.c4 Rb1 49.c3 Ke5 50.Kc2 Rb6
51.Re7+ Kd6 52.Rh7 Ke5 53.Re7+ Kd6 54.Re8 Kd7 55.Rh8  1/2-1/2

[Event "TCh-FIN SM 2012-13"]
[Site "Porvoo FIN"]
[Date "2013.02.09"]
[Round "10.5"]
[White "Franssila,T"]
[Black "Keskisarja,T"]
[Result "1/2-1/2"]
[WhiteElo "2215"]
[BlackElo "2282"]

1.e4 g6 2.d4 Bg7 3.Nc3 d6 4.f4 a6 5.Nf3 b5 6.Bd3 Bb7 7.e5 Nd7 8.O-O c5 9.Be4 Bxe4
10.Nxe4 cxd4 11.exd6 Qb6 12.Re1 e6 13.Kh1 Nh6 14.Ne5 Rd8 15.a4 O-O 16.a5 Qb7
17.Qxd4 Nf5 18.Qd3 Nf6 19.Nxf6+ Bxf6 20.d7 Bxe5 21.fxe5 Rxd7 22.Qh3 Rc8 23.c3 Rc5
24.Bg5 Rcd5 25.Qf3 h5 26.Qf2 Qc8  1/2-1/2

[Event "TCh-LTU 2013"]
[Site "Taujenai LTU"]
[Date "2013.02.09"]
[Round "4.2"]
[White "Starostits,I"]
[Black "Mickevicius,J"]
[Result "1-0"]
[WhiteElo "2477"]
[BlackElo "2343"]

1.e4 g6 2.d4 Bg7 3.Nc3 d6 4.Be3 a6 5.f4 b5 6.Nf3 Bb7 7.Bd3 Nd7 8.e5 e6 9.Ne4 Nb6
10.O-O Ne7 11.Bf2 Nbd5 12.Qd2 Qd7 13.a4 O-O 14.c3 f5 15.Neg5 h6 16.Nh3 Nb6
17.a5 Nbc8 18.b3 Be4 19.Be2 Na7 20.Rfd1 Rfb8 21.Bh4 Nd5 22.b4 c5 23.dxc5 dxc5
24.bxc5 Bf8 25.Bf2 Rc8 26.Bd4 Bxc5 27.Nf2 Bxd4 28.Qxd4 Nc6 29.Qd2 Nce7 30.Nd4 Ra7
31.Nxe4 fxe4 32.Bg4 Nf5 33.Nxe6 Nfe3 34.Bh3 Qe7 35.Re1 b4 36.Rxe3 Nxe3 37.Qxe3 bxc3
38.Rc1 Rd7 39.Nd4 Qe8  1-0